000 00356 a2200157 4500
001 60061
020 _a9783468499746
040 _cAnchieta - Pituba
100 _aSalgueiro, Sofia Pretes
240 1 0 _aWortschatz & grammatik
_ldeu / ger
245 1 0 _aWortschatz & grammatik
300 _a95
362 0 _a2004
650 4 _aLíngua alemã
942 _cBK
999 _c60061
_d60061